| 000 | 01037nam0a22002291i 4500 | ||
|---|---|---|---|
| 001 | rc\782302 | ||
| 005 | 20240726024555.0 | ||
| 035 | _a(NLR Aleph) 006308144 | ||
| 090 |
_a7322889 _c7322889 |
||
| 100 | _a20040301d1984 u |0rusy50 ca | ||
| 101 | 0 | _arus | |
| 102 | _aRU | ||
| 105 | _aa ||||||||| | ||
| 200 | 1 |
_aОрганизация управления строительством в условиях формирования крупного промышленного комплекса _e(На прим. стр-ва Туркм. азотно-тукового з-да) _eАвтореф. дис. на соиск. учен. степ. канд. экон. наук _e(08.00.05) |
|
| 210 |
_aМ. _d1984 |
||
| 215 |
_a19 с. _cсхем. |
||
| 300 | _aВ надзаг.: Моск. ин-т управления им. Серго Орджоникидзе | ||
| 700 | 1 |
_aБегмурадов _bД.Б. _gДурдымурат Бегмурадович |
|
| 801 | 0 |
_aRU _bNLR _gpsbo |
|
| 801 | 1 |
_aRU _bELAR _2rusmarc |
|
| 852 |
_aNLR _j85-4/32497 |
||
| 942 | _cBOOK | ||